[Event "ICS rated blitz match"]
[Site "207.99.83.227"]
[Date "1999.05.03"]
[Round "?"]
[White "JudgeTurpin"]
[Black "Hossa"]
[Result "1-0"]
[WhiteElo "2651"]
[BlackElo "2551"]
[PlyCount "110"]

1. e4 c5 2. Nf3 e6 3. d4 cxd4 4. Nxd4 a6 5. Nc3 Qc7 6. g3 Bb4 7. Nde2 d5 8. Qd4
Bxc3+ 9. Nxc3 Nf6 10. exd5 exd5 11. Bg5 Nc6 12. Qe3+ Ne4 13. f3 Be6 14. Nxe4
dxe4 15. Qxe4 Rc8 16. Bc4 Qe5 17. Bxe6 fxe6 18. Bf4 Qxe4+ 19. fxe4 e5 20. Bd2
Nd4 21. Rc1 Rc4 22. b3 Rxc2 23. Rxc2 Nxc2+ 24. Ke2 Nd4+ 25. Kd3 O-O 26. Ba5 Nc6
27. Bb6 Nb4+ 28. Kd2 Nxa2 29. Ra1 Nb4 30. Kc3 Nc6 31. Kc4 Ne7 32. Kb4 Rf6 33.
Bc7 Nc6+ 34. Kc4 Rf2 35. Rh1 Rc2+ 36. Kd5 Nb4+ 37. Kd6 Nd3 38. Rd1 Rc3 39. Ke6
Rxb3 40. Bxe5 a5 41. Bd6 b5 42. Rf1 h6 43. Kd5 a4 44. e5 Nb2 45. e6 Nc4 46.
Rf8+ Kh7 47. Bc5 Rd3+ 48. Ke4 Rd6 49. Bxd6 Nxd6+ 50. Kd5 a3 51. Kxd6 h5 52. e7
b4 53. e8=Q Kh6 54. Rh8+ Kg5 55. Qxh5+ 55... Kf6 {Hossa resigns} 1-0

[Event "ICS rated blitz match"]
[Site "207.99.83.227"]
[Date "1999.05.03"]
[Round "?"]
[White "Hossa"]
[Black "JudgeTurpin"]
[Result "0-1"]
[WhiteElo "2539"]
[BlackElo "2663"]
[PlyCount "107"]

1. e4 e5 2. Nf3 Nc6 3. Bb5 a6 4. Ba4 Nf6 5. O-O Bc5 6. d3 d6 7. Bxc6+ bxc6 8.
Be3 Bxe3 9. fxe3 Rb8 10. Qc1 Be6 11. c4 O-O 12. Nbd2 c5 13. b3 Qe7 14. Qe1 Kh8
15. Qh4 Bg4 16. Ng5 h6 17. Rae1 Bh5 18. Nh3 Bg6 19. Re2 Nd5 20. Qxe7 Nxe7 21.
Nf2 Kg8 22. Ree1 f5 23. exf5 Nxf5 24. Re2 Ne7 25. d4 cxd4 26. exd4 Nc6 27. dxe5
Nxe5 28. Re3 Rf5 29. Rg3 Rbf8 30. Nde4 Rf4 31. Re1 a5 32. h3 a4 33. bxa4 Bxe4
34. Nxe4 Nxc4 35. Rc3 d5 36. Nc5 c6 37. Re6 Rf1+ 38. Kh2 R8f6 39. Re8+ Kf7 40.
Rc8 Ke7 41. Ra8 Kd6 42. Rxc4 dxc4 43. Ne4+ Kd7 44. Nxf6+ gxf6 45. g4 c3 46.
Ra7+ Kd6 47. Kg2 c2 48. Kxf1 c1=Q+ 49. Kg2 Qd2+ 50. Kf3 Qd3+ 51. Kf4 Qd4+ 52.
Kf5 Qxa7 53. Kxf6 c5 54. Kg6 {Hossa resigns} 0-1

[Event "ICS rated blitz match"]
[Site "207.99.83.227"]
[Date "1999.05.03"]
[Round "?"]
[White "JudgeTurpin"]
[Black "Hossa"]
[Result "0-1"]
[WhiteElo "2674"]
[BlackElo "2528"]
[PlyCount "112"]

1. Nf3 d5 2. g3 c6 3. Bg2 Bg4 4. b3 e6 5. Bb2 Nf6 6. O-O Bd6 7. d3 O-O 8. Nbd2
Nbd7 9. h3 Bf5 10. Nh4 Bg6 11. c4 Rc8 12. d4 c5 13. cxd5 exd5 14. dxc5 Bxc5 15.
Ndf3 Bc2 16. Qd2 Ne4 17. Qf4 g5 18. Qg4 Ndf6 19. Bxf6 Qxf6 20. e3 Qe6 21. Rfc1
Qxg4 22. hxg4 gxh4 23. Rxc2 hxg3 24. Kf1 gxf2 25. Nd2 Ng3+ 26. Kxf2 Bxe3+ 27.
Kxe3 Rxc2 28. Bxd5 Rxd2 29. Bxf7+ Rxf7 30. Kxd2 Rf1 31. Rxf1 Nxf1+ 32. Ke2 Nh2
33. g5 Kf7 34. Ke3 Ng4+ 35. Kf4 Nf2 36. Kf5 Nd3 37. a3 b5 38. b4 Ne1 39. Ke5
Kg6 40. Kd4 Nc2+ 41. Kc3 Nxa3 42. Kd4 Kxg5 43. Kc5 h5 44. Kd4 Nc2+ 45. Kc3 Nxb4
46. Kxb4 h4 47. Kxb5 h3 48. Kc5 h2 49. Kd5 h1=Q+ 50. Kc4 Qe4+ 51. Kb3 Kf4 52.
Kc3 Ke3 53. Kb2 Kd4 54. Kc1 Kc3 55. Kd1 a6 56. Kc1 56... Qe1# {
JudgeTurpin checkmated} 0-1

[Event "ICS rated blitz match"]
[Site "207.99.83.227"]
[Date "1999.05.03"]
[Round "?"]
[White "Hossa"]
[Black "razzle"]
[Result "0-1"]
[WhiteElo "2550"]
[BlackElo "2809"]
[PlyCount "81"]

1. e4 e5 2. Nf3 Nc6 3. d4 exd4 4. Nxd4 Bc5 5. Nxc6 Qf6 6. Qd2 Qxc6 7. Bd3 Nf6
8. O-O O-O 9. e5 Ng4 10. b4 Be7 11. Re1 d6 12. b5 Qb6 13. exd6 Bg5 14. Qe2 Qxd6
15. g3 Bxc1 16. Rxc1 Qh6 17. f4 Qb6+ 18. Kg2 Ne3+ 19. Kh1 Bh3 20. Nd2 Ng4 21.
Nc4 Qd4 22. Rf1 Rad8 23. Ne5 Rfe8 24. Bc4 Nxe5 25. fxe5 Bxf1 26. Rxf1 Rxe5 27.
Bxf7+ Kh8 28. Qc4 Qb6 29. a4 Rd4 30. Bh5 g6 31. Qf7 Qd6 32. Bf3 Rf5 33. Qb3 Qe5
34. Rg1 Rd2 35. Qb4 Qe3 36. Qb2+ Kg8 37. Qa2+ Kf8 38. Qb3 Qxf3+ 39. Qxf3 Rxf3
40. Rc1 Rff2 41. h4 {Hossa resigns} 0-1

[Event "ICS rated blitz match"]
[Site "207.99.83.227"]
[Date "1999.05.03"]
[Round "?"]
[White "DutchessJr"]
[Black "Hossa"]
[Result "1/2-1/2"]
[WhiteElo "2186"]
[BlackElo "2544"]
[PlyCount "52"]

1. e4 e5 2. Nf3 Nc6 3. d4 exd4 4. Bc4 Bb4+ 5. c3 dxc3 6. bxc3 Bd6 7. O-O Nge7
8. Ng5 Ne5 9. Bb3 O-O 10. f4 N5g6 11. Qh5 h6 12. f5 Ne5 13. f6 hxg5 14. fxe7
Bxe7 15. h4 d5 16. hxg5 Bg4 17. Qh4 dxe4 18. Bf4 Bc5+ 19. Kh1 Be2 20. Bxe5 Bxf1
21. Bxg7 Kxg7 22. Qh6+ Kg8 23. Qg6+ Kh8 24. Qh6+ Kg8 25. Qg6+ Kh8 26. Qh6+
26... Kg8 {Game drawn by repetition} 1/2-1/2

[Event "ICS rated blitz match"]
[Site "207.99.83.227"]
[Date "1999.05.03"]
[Round "?"]
[White "Hossa"]
[Black "egghead"]
[Result "0-1"]
[WhiteElo "2532"]
[BlackElo "2528"]
[PlyCount "83"]

1. d4 d5 2. c4 e6 3. Nf3 Nf6 4. e3 c5 5. cxd5 Nxd5 6. e4 Nf6 7. Nc3 cxd4 8.
Qxd4 Bd7 9. e5 Nc6 10. Qd2 Ng4 11. Qf4 Nb4 12. Nd4 Bc6 13. Qxg4 Qxd4 14. Qe2
Nd5 15. Bd2 Rd8 16. O-O-O Bc5 17. Nb5 Qxf2 18. Nd6+ Kf8 19. Qxf2 Bxf2 20. Ne4
Bd4 21. Bg5 Ne7 22. Nc3 Rd7 23. Re1 Ng6 24. Be3 Bxe5 25. Bxa7 f6 26. Ne4 Kf7
27. Nc5 Rc8 28. Bc4 Rd6 29. Bxe6+ Rxe6 30. Nxe6 Kxe6 31. Kb1 Nf4 32. Bb6 Nxg2
33. Rd1 Be4+ 34. Ka1 Rc2 35. Rd4 Bxd4 36. Bxd4 Nf4 37. Re1 Kd5 38. Bg1 Nd3 39.
Rf1 Rxb2 40. h4 Ke5 41. Rd1 Rc2 42. Bb6 {Hossa resigns} 0-1

[Event "ICS rated blitz match"]
[Site "207.99.83.227"]
[Date "1999.05.03"]
[Round "?"]
[White "egghead"]
[Black "Hossa"]
[Result "1-0"]
[WhiteElo "2544"]
[BlackElo "2516"]
[PlyCount "110"]

1. e4 e5 2. Bc4 Nf6 3. d4 exd4 4. Nf3 Bb4+ 5. c3 dxc3 6. bxc3 Bc5 7. e5 Qe7 8.
O-O Ng4 9. Bg5 Qf8 10. Qd5 Nc6 11. h3 Nh6 12. Nbd2 Nf5 13. Ne4 Bb6 14. Rad1
Nfe7 15. Qd3 Ng6 16. Qd5 a6 17. Rfe1 Qg8 18. Ng3 Nge7 19. Qe4 Qf8 20. Nd4 Ba5
21. Re3 Rb8 22. Nxc6 bxc6 23. Rf3 Nd5 24. Bxd5 cxd5 25. Qxd5 Bb6 26. e6 f6 27.
exd7+ Kd8 28. dxc8=Q+ Kxc8 29. Bf4 Qg8 30. Qf5+ Kb7 31. Qe4+ Ka7 32. a4 Re8 33.
Qb4 Rb8 34. Qe7 Re8 35. Qa3 Qc4 36. a5 Bc5 37. Qb2 Qa4 38. Ra1 Qd7 39. Rb1 Rb8
40. Qc2 Qf7 41. Rxb8 Kxb8 42. Qb1+ Ka7 43. Qf5 Bd6 44. Be3+ Kb8 45. Ne4 Qb3 46.
Nxd6 Qd1+ 47. Kh2 Qxd6+ 48. Rf4 Ka8 49. Bc5 Qd2 50. Rg4 Qxc3 51. Qd5+ Kb8 52.
Rb4+ Qxb4 53. Bxb4 Re8 54. Qc6 Re5 55. Qxa6 55... Rf5 {Hossa resigns} 1-0

[Event "ICS rated blitz match"]
[Site "207.99.83.227"]
[Date "1999.05.03"]
[Round "?"]
[White "Hossa"]
[Black "sjonnie"]
[Result "1-0"]
[WhiteElo "2505"]
[BlackElo "2137"]
[PlyCount "95"]

1. d4 Nf6 2. Nf3 c5 3. c3 g6 4. dxc5 a5 5. e3 Na6 6. Qd4 Bg7 7. e4 O-O 8. e5
Ne8 9. Be2 Qc7 10. Be3 d6 11. cxd6 exd6 12. Bf4 Bg4 13. exd6 Qc6 14. Qd1 Rd8
15. O-O Nxd6 16. Nd4 Bxd4 17. Bxg4 Bg7 18. Qf3 Qb6 19. b3 Nc5 20. Bg5 Rde8 21.
Bf6 Nce4 22. Bxg7 Kxg7 23. Qe3 Qxe3 24. fxe3 f5 25. Bf3 Nc5 26. Rd1 Rf6 27. Rd5
b6 28. b4 axb4 29. cxb4 Na4 30. Kf2 Nc4 31. Rd7+ Rf7 32. Rxf7+ Kxf7 33. Bd5+
Kf6 34. Bxc4 Rd8 35. Bb5 Nb2 36. Nc3 Rd2+ 37. Kg3 g5 38. a4 h5 39. a5 h4+ 40.
Kh3 bxa5 41. Rxa5 g4+ 42. Kxh4 Rxg2 43. Nd5+ Ke5 44. Nf4 Rxh2+ 45. Kg3 Rd2 46.
Bd3+ Kd6 47. Rd5+ Kc6 48. Bb5+ {sjonnie resigns} 1-0

[Event "ICS rated blitz match"]
[Site "207.99.83.227"]
[Date "1999.05.03"]
[Round "?"]
[White "sjonnie"]
[Black "Hossa"]
[Result "0-1"]
[WhiteElo "2134"]
[BlackElo "2508"]
[PlyCount "24"]

1. e3 e5 2. b3 Nf6 3. Bb2 Nc6 4. Bb5 Bd6 5. c4 e4 6. Ne2 Nb4 7. O-O c6 8. Ba4
Bxh2+ 9. Kxh2 Ng4+ 10. Kg3 Qg5 11. f3 Nxe3+ 12. Kf2 12... Nd3+ {sjonnie resigns
} 0-1

[Event "ICS rated blitz match"]
[Site "207.99.83.227"]
[Date "1999.05.03"]
[Round "?"]
[White "Hossa"]
[Black "sjonnie"]
[Result "1-0"]
[WhiteElo "2511"]
[BlackElo "2131"]
[PlyCount "35"]

1. e4 c5 2. d3 Nc6 3. Be2 g6 4. Nf3 Bg7 5. O-O e6 6. Nbd2 Nge7 7. Nb3 b6 8. d4
cxd4 9. Nbxd4 Nxd4 10. Nxd4 d5 11. exd5 Nxd5 12. c4 Ne7 13. Bf3 Rb8 14. Nc6
Nxc6 15. Bxc6+ Bd7 16. Bg5 Qc8 17. Qd6 Bf8 18. Bxd7+ {sjonnie resigns} 1-0

[Event "ICS Rated blitz match"]
[Site "207.99.83.227"]
[Date "1999.05.03"]
[Round "?"]
[White "Hossa"]
[Black "Secret"]
[Result "0-1"]
[WhiteElo "2517"]
[BlackElo "2839"]
[PlyCount "103"]

1. e4 c5 2. Nf3 d6 3. Nc3 Nf6 4. Bc4 e6 5. O-O Be7 6. d4 cxd4 7. Nxd4 O-O 8.
Be3 Nxe4 9. Nxe4 d5 10. Bd3 dxe4 11. Bxe4 Nd7 12. Qf3 Nc5 13. Rad1 Qc7 14. Nb5
Qe5 15. Bxc5 Bxc5 16. Nc3 Rb8 17. Rd3 f5 18. Qh5 g6 19. Qg5 Bd6 20. Qg3 Qxg3
21. hxg3 Be5 22. Bf3 Rf7 23. Rfd1 b5 24. Rd8+ Kg7 25. Nxb5 Rxb5 26. Rxc8 Rxb2
27. a4 Kf6 28. Rc4 Rc7 29. Rxc7 Bxc7 30. Rc1 Be5 31. c3 Bd6 32. Bd1 Rd2 33. f4
e5 34. g4 e4 35. gxf5 gxf5 36. Bb3 Rb2 37. Bg8 Bxf4 38. Rf1 Bg3 39. Bxh7 e3 40.
Rxf5+ Ke6 41. Rf3 e2 42. Re3+ Kd5 43. c4+ Kd4 44. Re4+ Kd3 45. Re8+ Kxc4 46.
Re4+ Kc5 47. Re3 Rd2 48. Rc3+ Kd5 49. Rxg3 e1=Q+ 50. Kh2 Qe5 51. a5 Rd4 52. Bf5
{Hossa resigns} 0-1

[Event "ICS Rated blitz match"]
[Site "207.99.83.227"]
[Date "1999.05.03"]
[Round "?"]
[White "Secret"]
[Black "Hossa"]
[Result "1-0"]
[WhiteElo "2843"]
[BlackElo "2513"]
[PlyCount "71"]

1. e4 c5 2. Nf3 e6 3. d4 cxd4 4. Nxd4 Nf6 5. Nc3 Nc6 6. Ndb5 d6 7. Bf4 e5 8.
Bg5 a6 9. Na3 b5 10. Bxf6 gxf6 11. Nd5 f5 12. Bd3 Be6 13. Qh5 Bg7 14. O-O Rc8
15. Ne3 fxe4 16. Bxe4 d5 17. Rfd1 d4 18. c3 b4 19. Nac2 bxc3 20. bxc3 Qd7 21.
Nf5 Bf6 22. Qf3 O-O 23. Qg4+ Kh8 24. Qh5 Bg7 25. Nxg7 f5 26. Nxe6 Qxe6 27. Bd3
dxc3 28. Bxa6 Ra8 29. Bb5 Ra5 30. a4 e4 31. Qh3 Qf6 32. Rd7 h6 33. Rad1 Ne5 34.
R7d6 Qg7 35. Nd4 Nf7 36. Nxf5 {Hossa resigns} 1-0

[Event "ICS Rated blitz match"]
[Site "207.99.83.227"]
[Date "1999.05.03"]
[Round "?"]
[White "Hossa"]
[Black "KillerGrob"]
[Result "0-1"]
[WhiteElo "2509"]
[BlackElo "2815"]
[PlyCount "95"]

1. e4 e5 2. Bc4 Nf6 3. d4 Nxe4 4. dxe5 Nc5 5. Be3 Nba6 6. Qf3 f5 7. Nc3 Qh4 8.
Bb5 c6 9. Bxa6 Nxa6 10. Nge2 Qg4 11. Qxg4 fxg4 12. O-O-O Bc5 13. Bxc5 Nxc5 14.
Ng3 O-O 15. Rd2 Rf4 16. Re1 Kf7 17. Nce4 Nxe4 18. Rxe4 Rxe4 19. Nxe4 Ke6 20.
Nd6 b6 21. Re2 Ba6 22. c4 c5 23. Kd2 Rb8 24. Ke1 Bb7 25. Kf1 Bc6 26. Kg1 Rf8
27. a3 Rf4 28. Re1 Rd4 29. Nc8 Rxc4 30. Nxa7 Rc2 31. Rb1 Bb7 32. Nb5 Kxe5 33.
Re1+ Kf6 34. Nd6 Bd5 35. b4 c4 36. a4 c3 37. Nc8 Rd2 38. Nxb6 c2 39. Nxd7+ Kf5
40. h3 Rd1 41. hxg4+ Kg5 42. f4+ Kxg4 43. Kf2 Rxe1 44. Ne5+ Rxe5 45. fxe5 c1=Q
46. g3 Qd2+ 47. Kf1 Kxg3 48. b5 {Hossa resigns} 0-1

[Event "ICS Rated blitz match"]
[Site "207.99.83.227"]
[Date "1999.05.03"]
[Round "?"]
[White "Secret"]
[Black "Hossa"]
[Result "1-0"]
[WhiteElo "2849"]
[BlackElo "2504"]
[PlyCount "86"]

1. d4 Nf6 2. c4 e6 3. Nf3 Bb4+ 4. Nbd2 d5 5. e3 O-O 6. a3 Be7 7. Bd3 Nc6 8. O-O
a5 9. Ng5 dxc4 10. Nxc4 Qd5 11. e4 Qxd4 12. Be3 Qd8 13. e5 Ne4 14. Nxe4 b5 15.
Nf6+ Bxf6 16. exf6 Qxf6 17. Qh5 h6 18. Qxb5 Nd4 19. Qe5 Qxe5 20. Nxe5 Nb3 21.
Rad1 a4 22. Be4 Ra5 23. Nc6 Rh5 24. Ne7+ Kh8 25. Rfe1 Rh4 26. Bc6 Na5 27. Bb5
Bb7 28. f4 Rg4 29. g3 Bf3 30. Bxa4 Nc4 31. Kf2 Bxd1 32. Bxd1 h5 33. h3 Re8 34.
Bc5 Rg6 35. Nxg6+ fxg6 36. Re2 Rb8 37. b3 Na5 38. b4 Nc4 39. a4 Kh7 40. Bb3 Nb6
41. Rxe6 Nd7 42. Bc2 Nf6 43. a5 43... Rd8 {Hossa resigns} 1-0

[Event "ICS Rated blitz match"]
[Site "207.99.83.227"]
[Date "1999.05.03"]
[Round "?"]
[White "Hossa"]
[Black "Secret"]
[Result "0-1"]
[WhiteElo "2500"]
[BlackElo "2853"]
[PlyCount "69"]

1. Nf3 Nf6 2. d4 e6 3. e3 b6 4. Bd3 Bb7 5. Nc3 Bb4 6. O-O O-O 7. a3 Bxc3 8.
bxc3 c5 9. c4 d6 10. c3 cxd4 11. cxd4 Nbd7 12. Ng5 h6 13. Nf3 Be4 14. Be2 e5
15. Nd2 Bg6 16. a4 Qe7 17. Bf3 Rac8 18. Ra3 Qe6 19. a5 bxa5 20. Be2 exd4 21.
exd4 Rfe8 22. Re1 Bh5 23. f3 Nb6 24. Rc3 Qe7 25. Qc2 Nfd5 26. cxd5 Qh4 27. Rc6
Qxe1+ 28. Bf1 Rxc6 29. dxc6 Re2 30. Qd3 Qf2+ 31. Kh1 Re1 32. h3 Rxc1 33. Kh2 d5
34. c7 Rxc7 35. Nb3 {Hossa resigns} 0-1

[Event "ICS Rated blitz match"]
[Site "207.99.83.227"]
[Date "1999.05.03"]
[Round "?"]
[White "Secret"]
[Black "Hossa"]
[Result "1-0"]
[WhiteElo "2857"]
[BlackElo "2496"]
[PlyCount "60"]

1. e4 e5 2. Nf3 Nc6 3. Bb5 a6 4. Ba4 Nf6 5. O-O Bc5 6. c3 Nxe4 7. d4 exd4 8.
cxd4 Be7 9. Re1 Nf6 10. d5 Nb4 11. Nc3 a5 12. a3 Na6 13. Qe2 Rg8 14. Qb5 c6 15.
dxc6 bxc6 16. Qc4 Kf8 17. Ng5 d5 18. Qxc6 Bf5 19. Re5 Bg6 20. Nxd5 Nxd5 21.
Rxd5 Qb8 22. Bb5 Nc7 23. Bf4 Ra7 24. Bd6 Qe8 25. Bxe7+ Qxe7 26. Rd7 Rh8 27.
Rxc7 Qe5 28. Rxa7 Qb8 29. Re1 Be4 30. Rxf7+ 30... Kg8 {Hossa resigns} 1-0

[Event "ICS Rated blitz match"]
[Site "207.99.83.227"]
[Date "1999.05.03"]
[Round "?"]
[White "Hossa"]
[Black "Secret"]
[Result "0-1"]
[WhiteElo "2492"]
[BlackElo "2861"]
[PlyCount "74"]

1. e4 c5 2. Nf3 d6 3. d4 cxd4 4. Nxd4 Nf6 5. Nc3 a6 6. Bd3 e5 7. Nf3 h6 8. O-O
Be7 9. Re1 O-O 10. Bc4 Nc6 11. Qd2 Bg4 12. Re3 Rc8 13. Be2 Qd7 14. a3 Qe6 15.
Rd3 Rfd8 16. Rb1 Bh5 17. Qe3 d5 18. Nxd5 Nxd5 19. exd5 Rxd5 20. Rxd5 Qxd5 21.
c4 Qe6 22. b3 Bg6 23. Ra1 e4 24. Nd2 Bg5 25. Qg3 e3 26. Bg4 exf2+ 27. Kxf2 Qf6+
28. Nf3 Bxc1 29. Bxc8 Qb2+ 30. Kg1 Qxa1 31. Qe1 Nd4 32. Kf2 Qb2+ 33. Kg3 Ne2+
34. Kh4 Bg5+ 35. Nxg5 hxg5+ 36. Kg4 Qd4+ 37. Kf3 37... Bd3 {Hossa resigns} 0-1

[Event "ICS Rated blitz match"]
[Site "207.99.83.227"]
[Date "1999.05.03"]
[Round "?"]
[White "Secret"]
[Black "Hossa"]
[Result "1-0"]
[WhiteElo "2864"]
[BlackElo "2489"]
[PlyCount "110"]

1. e4 c5 2. Nf3 d6 3. d4 cxd4 4. Nxd4 Nf6 5. Nc3 a6 6. Bg5 e6 7. f4 Be7 8. Qf3
O-O 9. O-O-O Qc7 10. g4 Nc6 11. Be2 Rd8 12. Rhe1 Nxd4 13. Rxd4 Bd7 14. f5 Rac8
15. Kb1 Qc5 16. Rc4 Qa5 17. Rxc8 Rxc8 18. Rd1 exf5 19. gxf5 Qb4 20. a3 Qc5 21.
Qd3 Bc6 22. Bf3 Qb6 23. Qd4 Qxd4 24. Rxd4 Rd8 25. Kc1 a5 26. Kd2 Re8 27. Bf4
Nd7 28. Nd5 Bf8 29. b3 Ne5 30. Be2 f6 31. Bh5 Rc8 32. h4 Be8 33. Be2 Bc6 34. b4
axb4 35. axb4 Bxd5 36. Rxd5 Nc4+ 37. Kd1 Na3 38. Bd3 Nb1 39. Rd4 Nc3+ 40. Kd2
Nb1+ 41. Ke3 Rc6 42. b5 Rc8 43. Bxd6 Rd8 44. Bxf8 Rxd4 45. Kxd4 Kxf8 46. Kc5
Nc3 47. Kb6 g5 48. hxg5 fxg5 49. Kxb7 g4 50. b6 Na4 51. Kc6 Nxb6 52. Kxb6 h5
53. c4 h4 54. c5 h3 55. Bf1 55... Ke8 {Hossa resigns} 1-0

[Event "ICS Rated blitz match"]
[Site "207.99.83.227"]
[Date "1999.05.03"]
[Round "?"]
[White "Hossa"]
[Black "Secret"]
[Result "0-1"]
[WhiteElo "2486"]
[BlackElo "2867"]
[PlyCount "84"]

1. e4 c5 2. Nf3 d6 3. d4 cxd4 4. Nxd4 Nf6 5. Nc3 Nc6 6. Bb5 Bd7 7. O-O g6 8.
Bg5 Bg7 9. Bxf6 Bxf6 10. Bxc6 bxc6 11. Qd3 O-O 12. Rad1 Rb8 13. b3 Bg7 14. Qg3
Qb6 15. Nde2 Qc5 16. Rd3 Bc8 17. Rfd1 Ba6 18. R3d2 Bh6 19. Rd4 Bxe2 20. Nxe2
Qxc2 21. Nc3 Bg7 22. R1d2 Qc1+ 23. Rd1 Qh6 24. R4d3 Be5 25. Qh3 Qxh3 26. Rxh3
f5 27. exf5 Rxf5 28. Ne4 Rb4 29. f3 h5 30. Kh1 Rd4 31. Rxd4 Bxd4 32. Rg3 Kg7
33. h4 d5 34. Nd2 Re5 35. f4 Re1+ 36. Kh2 Bg1+ 37. Kh3 Bf2 38. Kh2 Bxg3+ 39.
Kxg3 Re2 40. Nf3 c5 41. Ng5 d4 42. Kf3 42... d3 {Hossa resigns} 0-1

[Event "ICS Rated blitz match"]
[Site "207.99.83.227"]
[Date "1999.05.03"]
[Round "?"]
[White "Secret"]
[Black "Hossa"]
[Result "1-0"]
[WhiteElo "2870"]
[BlackElo "2483"]
[PlyCount "100"]

1. e4 c5 2. Nf3 d6 3. d4 cxd4 4. Nxd4 Nf6 5. Nc3 Nc6 6. Bc4 Bg4 7. f3 Bh5 8.
Bb5 Qd7 9. Qe2 e5 10. Nf5 a6 11. Bxc6 bxc6 12. Bg5 Bg6 13. Bxf6 gxf6 14. Qd3
Bxf5 15. exf5 Be7 16. O-O-O O-O 17. Rhe1 Qb7 18. Re4 Rfb8 19. Na4 Qb5 20. Qe3
Bf8 21. Rg4+ Kh8 22. Qf2 Bh6+ 23. Kb1 d5 24. Qh4 Bg5 25. Qh5 Ra7 26. b3 Rab7
27. Nb2 a5 28. g3 a4 29. f4 Qe2 30. Rh4 Qxh5 31. Rxh5 axb3 32. axb3 exf4 33. h4
Rg8 34. hxg5 Rxg5 35. Rxg5 fxg5 36. gxf4 gxf4 37. Nd3 d4 38. Nxf4 Rb5 39. Rxd4
Rxf5 40. Nd3 Rf6 41. Rc4 h5 42. Ne5 Rf2 43. Nxc6 Kg7 44. b4 Rf5 45. Kb2 Rb5 46.
c3 Rb6 47. Nd4 Rf6 48. Rc5 Kh6 49. Rc6 Rxc6 50. Nxc6 50... h4 {Hossa resigns}
1-0

[Event "ICS Rated blitz match"]
[Site "207.99.83.227"]
[Date "1999.05.03"]
[Round "?"]
[White "Hossa"]
[Black "Secret"]
[Result "0-1"]
[WhiteElo "2480"]
[BlackElo "2873"]
[PlyCount "97"]

1. e4 c5 2. Nf3 d6 3. d4 cxd4 4. Nxd4 Nf6 5. Nc3 Nc6 6. Bc4 Qb6 7. Nxc6 bxc6 8.
O-O e6 9. Bg5 Qxb2 10. Bxf6 gxf6 11. Qd3 Qa3 12. Rab1 Be7 13. Qg3 Qc5 14. Bb3
Ba6 15. Rfd1 Qg5 16. Ba4 O-O 17. Qf3 Qc5 18. Rb3 Rab8 19. Rdb1 Rb6 20. R3b2
Rfb8 21. Rxb6 axb6 22. Kh1 b5 23. Bb3 b4 24. Nd1 Qd4 25. Ba4 Qc4 26. h3 Qxa2
27. Nc3 Qc4 28. Nd1 c5 29. Nb2 Qd4 30. Qg4+ Kh8 31. Qf4 f5 32. Bc6 b3 33. c3
Qxc3 34. exf5 Rb4 35. Qh6 Qf6 36. Qh5 Qxf5 37. Qxf5 exf5 38. Bd5 Kg7 39. Nd1 c4
40. Ne3 f4 41. Nf5+ Kf6 42. Nh6 Bf8 43. Nxf7 b2 44. g4 c3 45. g5+ Kg6 46. Nxd6
Bxd6 47. h4 c2 48. h5+ Kxh5 49. Rg1 {Hossa resigns} 0-1

[Event "ICS rated blitz match"]
[Site "207.99.83.227"]
[Date "1999.05.03"]
[Round "?"]
[White "Secret"]
[Black "Hossa"]
[Result "1-0"]
[WhiteElo "2876"]
[BlackElo "2477"]
[PlyCount "88"]

1. d4 d5 2. c4 e6 3. Nf3 Nf6 4. Nc3 Be7 5. Bg5 O-O 6. e3 Nc6 7. Be2 dxc4 8. O-O
Na5 9. Ne5 Bd7 10. Nxc4 Nxc4 11. Bxc4 Qe8 12. Qd3 Bc6 13. Bb3 Nd5 14. Bc2 f5
15. Bxe7 Qxe7 16. Ba4 Bxa4 17. Nxa4 c6 18. Nc5 b6 19. Nb3 Qh4 20. Nd2 Qh6 21.
Rac1 Rad8 22. Nf3 f4 23. e4 Nb4 24. Qc4 c5 25. a3 Nc6 26. dxc5 Rb8 27. Rfd1
bxc5 28. Qxc5 Rb6 29. Rd6 Nd8 30. Rxb6 axb6 31. Qxb6 Qg6 32. Re1 Nf7 33. b4 Rc8
34. b5 Qg4 35. Qb7 Rf8 36. Qe7 Qg6 37. e5 Ra8 38. b6 Nh6 39. b7 Re8 40. Qc7 Kh8
41. b8=Q Rxb8 42. Qxb8+ Ng8 43. Rc1 h6 44. Rc8 44... Qh7 {Hossa resigns} 1-0

[Event "ICS rated blitz match"]
[Site "207.99.83.227"]
[Date "1999.05.03"]
[Round "?"]
[White "Hossa"]
[Black "Secret"]
[Result "0-1"]
[WhiteElo "2474"]
[BlackElo "2879"]
[PlyCount "161"]

1. e4 c5 2. Nf3 d6 3. d4 cxd4 4. Nxd4 Nf6 5. Bb5+ Bd7 6. Nc3 e5 7. Bxd7+ Qxd7
8. Nf3 Qg4 9. O-O Nxe4 10. Nxe4 Qxe4 11. Re1 Qc4 12. Bg5 f6 13. Bc1 Be7 14. Nd2
Qf7 15. Nf1 O-O 16. Ne3 Qe6 17. Nd5 Bd8 18. Qf3 Na6 19. Rd1 Rc8 20. Qb3 Rf7 21.
Be3 Qf5 22. Rac1 Nc5 23. Qc4 a6 24. Qe2 Ne6 25. c4 Ba5 26. b4 Bd8 27. Rb1 Qe4
28. Rbc1 a5 29. f3 Qf5 30. a3 Rd7 31. Rb1 Ra8 32. Qf2 Ng5 33. Qe2 Nf7 34. Rb2
axb4 35. axb4 Ng5 36. Rbd2 Nf7 37. Re1 Ra3 38. Rdd1 Bc7 39. Ra1 Rxa1 40. Rxa1
Bd8 41. Qf1 Qc2 42. Ra7 e4 43. Ra8 exf3 44. gxf3 b5 45. Nb6 Re7 46. Bf2 Qf5 47.
Nd5 Re8 48. Nc7 Qxf3 49. Bg3 Qe4 50. Nxe8 Qxa8 51. Nxd6 Nxd6 52. Bxd6 Qe4 53.
c5 Qxb4 54. Qd3 g6 55. Qe3 Qg4+ 56. Kf2 Qd7 57. h3 Kg7 58. Bf4 g5 59. Bh2 h5
60. Bd6 Bc7 61. Bxc7 Qxc7 62. Kg1 b4 63. Kg2 Qc6+ 64. Kg3 Qd7 65. Kf2 Qf5+ 66.
Ke1 Kf7 67. c6 Qe6 68. Kf2 Qxe3+ 69. Kxe3 Ke6 70. Kd3 Kd6 71. c7 Kxc7 72. Kd4
f5 73. Ke3 b3 74. Kd3 g4 75. h4 f4 76. Kc3 f3 77. Kxb3 f2 78. Kb2 f1=Q 79. Kc3
g3 80. Kc2 g2 81. Kc3 {Hossa resigns} 0-1

[Event "ICS rated blitz match"]
[Site "207.99.83.227"]
[Date "1999.05.03"]
[Round "?"]
[White "Secret"]
[Black "Hossa"]
[Result "1-0"]
[WhiteElo "2882"]
[BlackElo "2471"]
[PlyCount "64"]

1. e4 c5 2. Nf3 d6 3. d4 cxd4 4. Nxd4 Nf6 5. Nc3 Nc6 6. Bc4 Qb6 7. Nb3 Bg4 8.
f3 Bd7 9. Bb5 e6 10. Bf4 Ne5 11. Qe2 Be7 12. O-O-O O-O 13. Bxe5 Bxb5 14. Qxb5
Qxb5 15. Nxb5 dxe5 16. Na5 Rab8 17. Rd3 a6 18. Nd6 Bxd6 19. Rxd6 Rfc8 20. Rhd1
h5 21. R1d3 h4 22. Rb6 Rc7 23. Rc3 Rd7 24. Nc6 Ra8 25. Nxe5 Re7 26. Rcb3 Ra7
27. Nc4 Kh7 28. Nd6 Nd7 29. Nc8 Nxb6 30. Rxb6 Rc7 31. Nxa7 Kg6 32. Kd2 32...
Rd7+ {Hossa resigns} 1-0

[Event "ICS Rated blitz match"]
[Site "207.99.83.227"]
[Date "1999.05.03"]
[Round "?"]
[White "Hossa"]
[Black "Secret"]
[Result "0-1"]
[WhiteElo "2468"]
[BlackElo "2885"]
[PlyCount "59"]

1. e4 c5 2. Nf3 Nc6 3. d4 cxd4 4. Nxd4 Nf6 5. Nc3 d6 6. Bb5 Bd7 7. O-O e6 8.
Be2 Nxd4 9. Qxd4 Be7 10. Bg5 O-O 11. Rad1 Bc6 12. Bf3 Qa5 13. Bd2 Qe5 14. Be3
Rfc8 15. Qxe5 dxe5 16. a3 b5 17. Rd3 a5 18. Bg5 b4 19. axb4 axb4 20. Ne2 Bb5
21. Bxf6 Rxc2 22. Bxe7 Bxd3 23. Ng3 Bxf1 24. Nxf1 Rxb2 25. g3 Raa2 26. Bc5 b3
27. Bd1 Ra1 28. Bxb3 Rxb3 29. Kg2 Ra4 30. Ne3 {Hossa resigns} 0-1

[Event "ICS rated blitz match"]
[Site "207.99.83.227"]
[Date "1999.05.03"]
[Round "?"]
[White "Secret"]
[Black "Hossa"]
[Result "1-0"]
[WhiteElo "2888"]
[BlackElo "2465"]
[PlyCount "64"]

1. e4 c5 2. Nf3 Nc6 3. d4 cxd4 4. Nxd4 Nf6 5. Nc3 d6 6. Bg5 Bd7 7. Qd2 Rc8 8.
O-O-O Nxd4 9. Qxd4 Qa5 10. Bd2 e5 11. Qd3 Ng4 12. Be1 Qc5 13. Qd5 Bc6 14. Qxc5
dxc5 15. Nb5 Bxe4 16. f3 Ne3 17. fxe4 Nxd1 18. Kxd1 a6 19. Nc3 Be7 20. Nd5 Bg5
21. Ba5 f5 22. exf5 O-O 23. Bd3 c4 24. Be4 Rf7 25. Bc3 Rd8 26. Ke2 Bf6 27. Ne3
Re7 28. Nxc4 b5 29. Nb6 Bg5 30. Nd5 Red7 31. Nb4 Bf6 32. Nxa6 32... Rd6 {
Hossa resigns} 1-0